000 00560nab a2200157Ia 4500
003 ES-SlBCS
005 20210601143716.0
008 140529s2007 xxu||||| |||| 00| 0 spa d
041 _aspa
100 1 _aVerd, Joan Miquel
_965247
245 0 0 _aLas competencias y el trabajo invisible en el trabajo administrativo de consultas externas hospitalarias
_c Joan Miquel Verd, Matilde Massó
650 0 4 _aCompetencias
_9213880
773 0 _tPapers (Revista de Sociologia)
_gnº. 83, 2007, págs. 169-189
_wRev1323
700 1 _aMassó, Matilde
_9291908
942 _cAR
999 _c696419
_d696419